|
|
|
|
| LEADER |
01476nam a22002897a 4500 |
| 001 |
45722 |
| 003 |
BD-DhAAL |
| 005 |
20260503172145.0 |
| 008 |
260503t2016 bg ||||| b||| 00| 0 ben d |
| 020 |
|
|
|a 9789840418499
|
| 040 |
|
|
|a BD-DhAAL
|c BD-DhAAL
|
| 041 |
0 |
|
|b ben
|
| 082 |
0 |
0 |
|a 378.1981095492
|
| 100 |
|
|
|a হাননান, মোহাম্মদ.
|9 60458
|
| 245 |
|
|
|a বাংলাদেশের ছাত্র আন্দোলনের ইতিহাস.
|g ১৯৭২ থেকে ২০০০ খ্রিস্টাব্দ /
|c মোহাম্মদ হাননান.
|
| 246 |
|
3 |
|a History of student movement in Bangladesh [1972-2000]
|
| 260 |
|
|
|a ঢাকা :
|b আগামী প্রকাশনী,
|c ২০১৬.
|
| 300 |
|
|
|a ৯৫ পৃষ্ঠা ;
|c ২২ সে.মি.
|
| 526 |
8 |
|
|a BIGD
|x Nazim uddin Manager,
Admin and logistics BIGD
BRAC University.
Course Name and No.: N/A
|
| 541 |
1 |
|
|a Agamee Prokashoni
|e 45722
|
| 650 |
|
0 |
|a Students
|z Bangladesh
|x History.
|9 60519
|
| 650 |
|
0 |
|a Student movements
|z Bangladesh.
|9 17836
|
| 650 |
|
0 |
|a Students
|x Political activity
|z Bangladesh
|9 17837
|
| 650 |
|
0 |
|a Student movements.
|
| 942 |
|
|
|2 ddc
|c BK
|
| 999 |
|
|
|c 47893
|d 47893
|
| 952 |
|
|
|0 0
|1 0
|2 ddc
|4 0
|6 378_198109549200000_HAN
|7 0
|9 79148
|a BIGD
|b BIGD
|d 2026-04-20
|e Agamee Prokashoni
|g 1500.00
|l 0
|o 378.1981095492 HAN
|p 3050045722
|r 2026-04-20
|t 1
|v 3000.00
|w 2026-04-20
|y BK
|x Requisitioned by Nazim uddin Manager, Admin and logistics BIGD, BRAC University.
|